000 01276nam a2200229 4500
005 20210914232246.0
008 210914s1997 gt |||fr|||| 001 0 spa d
040 _aCENDOC CAAAP
_bspa
_cCAAAP
041 _aspa
050 _aHM 101
_bD3
100 1 _94059
_aGutiérrez, Edgar
245 _aDesafíos del pluralismo /
_cEdgar Gutiérrez et. al.
250 _a1ra ed.
260 _aCoban:
_bCentro Bartolomé de las Casas,
_c1997
300 _a126 p.
490 _a(Textos Ak´Kutan ;
_v9)
505 _aContiene : Escenarios sociopolíticos para la paz en Guatemala -- Diversidad y pluralismo en la cosmovisión de los pueblos indígenas de Guatemala --Análisis y perspectivas --Diversidad-pluralismo.Manifestación del rostro de Dios -- El pluralismo desde experiencias misioneras -- El pluralismo en la Iglesia -- Los retos dela pluriculturalidad. Una experiencia desde la Orden de predicadores -- Iluminación --Desafíos pastorales a la Iglesia de Guatemala en la nueva situación -- Actitudes del evangelizador en una sociedad pluralista --Desafíos del pluralismo a la vida y misión de la Iglesia -- Conclusiones.
650 0 _91922
_aDiversidad Cultural
650 2 0 _931
_aMisiones Religiosas
650 2 0 _92621
_aMulticulturalismo
942 _2lcc
_b15 - 09 - 21
_cBK
999 _c2418
_d2418